| 000 | 00647nam a2200217Ia 4500 | ||
|---|---|---|---|
| 005 | 20241216010511.0 | ||
| 008 | 180423s9999||||xx |||||||||||||| ||und|| | ||
| 082 |
_a551.48 _bT29 |
||
| 100 | _aTECNOLOGIA INTERMEDIA | ||
| 245 | 0 |
_aAGUA, ENERGIA Y DESARROLLO RURAL _bSEMINARIO-TALLER "HIDROENERGIA Y DESARROLLO RURAL" CUSCO 1988 |
|
| 250 | _a0 | ||
| 260 |
_aLIMA-PERU _bITDG _c1989 |
||
| 300 |
_a288 pag _c21 cm |
||
| 341 | _h60 | ||
| 490 |
_v0 _a0 |
||
| 505 | _aENERGIA-ELECTRIFICACION/MICROCENTRALES-HIDROELECTRICAS | ||
| 541 |
_aC _bDIST. CIENTIFICA _d30-Mar-98 _odólar |
||
| 650 | _aCIENCIAS PURAS | ||
| 856 | _zCC. Puras | ||
| 942 | _cLIBRO | ||
| 999 |
_c16123 _d16123 |
||